000 00577nam a2200181Ia 4500
003 GCL
008 140319s9999 xx 000 0 ara d
040 _aGCL /
_cGCL
082 0 4 _a214
_bاا
100 1 _aابواسلام احمد عبدالله
245 1 0 _aالروتارى فى قفص الاتهام /
_cابواسلام احمد عبدالله
260 _a[S.N] :
_bبيت الحكمة ،
_c1987
300 _a303 ص
490 _a
650 0 4 _aالثقافة الاسلامية
650 0 4 _aالاسلام والمذاهب الالحادية
942 _2ddc
_cBK
999 _c28956
_d28956